[Event "First Saturday 2010 junius FM-A"]
[Site "Budapest"]
[Date "2010.06.05"]
[Round "1"]
[White "Mester, Attila"]
[Black "Kis, Bela"]
[Result "0-1"]
[WhiteElo "2109"]
[BlackElo "2116"]
[PlyCount "76"]
[EventDate "2010.06.05"]

1. e4 e5 2. Nf3 Nc6 3. Bc4 Bc5 4. c3 d6 5. d4 exd4 6. cxd4 Bb6 7. O-O Nf6 8.
Nc3 Bg4 9. Bb5 O-O 10. Bxc6 bxc6 11. Qd3 Bxf3 12. gxf3 Nh5 13. Ne2 f5 14. exf5
Qf6 15. Be3 Rae8 16. Rac1 Qxf5 17. Qxf5 Rxf5 18. Kg2 g5 19. Rxc6 Nf4+ 20. Nxf4
gxf4 21. Bc1 Rg5+ 22. Kh1 Re2 23. Bxf4 Rf5 24. Rg1+ Kf7 25. Be3 Rxb2 26. d5
Rxd5 27. Bxb6 cxb6 28. Rc7+ Ke6 29. Rxa7 Rxf2 30. Rxh7 Rdd2 31. a4 d5 32. Rb1
d4 33. Rh5 Rb2 34. Rxb2 Rxb2 35. Kg1 d3 36. Kf1 Rb1+ 37. Kf2 d2 38. Rh6+ Kf5
0-1

[Event "First Saturday 2010 junius FM-A"]
[Site "Budapest"]
[Date "2010.06.05"]
[Round "1"]
[White "Koczo, Kristof"]
[Black "Schenkerik, Csaba"]
[Result "1-0"]
[WhiteElo "2167"]
[BlackElo "2161"]
[PlyCount "57"]
[EventDate "2010.06.05"]

1. d4 d5 2. Nf3 c5 3. c4 e6 4. cxd5 exd5 5. Nc3 Nc6 6. g3 Nf6 7. Bg2 Be7 8. O-O
O-O 9. Bg5 cxd4 10. Nxd4 h6 11. Be3 Re8 12. Rc1 Bf8 13. Nxc6 bxc6 14. Na4 Bd7
15. Bc5 Bxc5 16. Nxc5 Bg4 17. Re1 Qa5 18. h3 Bf5 19. Qd4 Rab8 20. a3 Qb5 21. b4
Rxe2 22. Rxe2 Qxe2 23. Qf4 Rb6 24. Qxf5 Qb2 25. Re1 Qxa3 26. Nd7 Nxd7 27. Qxd7
Rxb4 28. Re8+ Kh7 29. Qf5+ 1-0

[Event "First Saturday 2010 junius FM-A"]
[Site "Budapest"]
[Date "2010.06.05"]
[Round "1"]
[White "Zala, Gyula"]
[Black "Honsch, Pal"]
[Result "0-1"]
[WhiteElo "2082"]
[BlackElo "2015"]
[PlyCount "69"]
[EventDate "2010.06.05"]

1. e4 c5 2. a3 d6 3. b4 Nf6 4. d3 Qb6 5. Be2 cxb4 6. axb4 Nc6 7. c3 d5 8. b5
Qxb5 9. d4 Qb6 10. e5 Nd7 11. f4 e6 12. Nf3 a5 13. Bd3 Qc7 14. O-O Be7 15. Ng5
g6 16. Na3 h6 17. Nb5 Qb8 18. Nh3 Nb6 19. Ba3 Bd7 20. Nd6+ Bxd6 21. Bxd6 Qd8
22. Qb1 Nc8 23. Ba3 N8e7 24. Nf2 h5 25. Qc1 Nf5 26. Nd1 Nce7 27. Rb1 Bc6 28.
Bc5 Qd7 29. Re1 a4 30. Ne3 a3 31. Ra1 Nxe3 32. Rxe3 O-O 33. Rxa3 Rxa3 34. Bxa3
Ra8 35. Bb4 {after 18 move} 0-1

[Event "First Saturday 2010 junius FM-A"]
[Site "Budapest"]
[Date "2010.06.05"]
[Round "1"]
[White "Letay, Gyula"]
[Black "Teglas, Balazs"]
[Result "1-0"]
[WhiteElo "2107"]
[BlackElo "2195"]
[PlyCount "67"]
[EventDate "2010.06.05"]

1. e4 c5 2. Nc3 Nc6 3. g3 g6 4. Bg2 Bg7 5. d3 Rb8 6. Be3 b5 7. Qd2 b4 8. Nd1 d6
9. Ne2 h5 10. h3 Ba6 11. O-O Nd4 12. Nc1 e6 13. f4 Ne7 14. c3 Nb5 15. Ne2 O-O
16. Rf3 f5 17. g4 hxg4 18. hxg4 bxc3 19. bxc3 c4 20. dxc4 Na3 21. gxf5 Nxc4 22.
Qe1 Nxe3 23. Nxe3 exf5 24. exf5 Rb2 25. Nd4 Qb6 26. Ne6 Nxf5 27. Nxf8 Re2 28.
Qc1 Nxe3 29. Nd7 Rxg2+ 30. Kh1 Qc6 31. Qxe3 Rg3 32. Qe8+ Kh7 33. Nf6+ Bxf6 34.
Qxc6 1-0

[Event "First Saturday 2010 junius FM-A"]
[Site "Budapest"]
[Date "2010.06.06"]
[Round "2"]
[White "Kis, Bela"]
[Black "Teglas, Balazs"]
[Result "0-1"]
[WhiteElo "2116"]
[BlackElo "2195"]
[PlyCount "114"]
[EventDate "2010.06.05"]

1. e4 e5 2. f4 Qh4+ 3. g3 Qe7 4. Nf3 exf4 5. Nc3 fxg3 6. d4 d6 7. Bc4 g2 8. Rg1
Bg4 9. Bg5 Qd7 10. Rxg2 Nc6 11. Rf2 f6 12. Be3 O-O-O 13. Bb5 a6 14. Ba4 b5 15.
Bb3 Nge7 16. d5 Ne5 17. Nxe5 dxe5 18. Qd3 Kb7 19. a4 b4 20. Bc4 Ra8 21. Ne2 Nc8
22. Nc1 Nb6 23. a5 Nxc4 24. Qxc4 Qb5 25. b3 Qxc4 26. bxc4 c5 27. c3 Rc8 28. Nd3
bxc3 29. Rb1+ Ka7 30. Nb4 Bd7 31. Na2 Bd6 32. Nxc3 Rb8 33. Rfb2 Rxb2 34. Rxb2
Rb8 35. Nd1 Ba4 36. Rxb8 Kxb8 37. Nb2 Bc2 38. Kd2 Bxe4 39. Na4 Kc7 40. Bxc5 Bg6
41. Bb6+ Kb7 42. c5 Be8 43. Nb2 Bc7 44. Nd3 Bb5 45. c6+ Kc8 46. Nc5 Bc4 47. Ne6
Bxb6 48. axb6 Bxd5 49. b7+ Kb8 50. Nd8 a5 51. Kd3 f5 52. Kc3 f4 53. Kd3 a4 54.
Kc3 a3 55. Kb4 a2 56. Kc5 a1=Q 57. Kd6 Qa5 0-1

[Event "First Saturday 2010 junius FM-A"]
[Site "Budapest"]
[Date "2010.06.06"]
[Round "2"]
[White "Honsch, Pal"]
[Black "Letay, Gyula"]
[Result "1/2-1/2"]
[WhiteElo "2015"]
[BlackElo "2107"]
[PlyCount "61"]
[EventDate "2010.06.05"]

1. d4 Nf6 2. c4 e6 3. Nf3 d5 4. g3 c6 5. cxd5 exd5 6. Bg2 Bd6 7. Nc3 h6 8. O-O
Nbd7 9. b3 O-O 10. Qc2 Re8 11. e3 Nf8 12. Bb2 Bd7 13. Rfe1 Qc8 14. e4 dxe4 15.
Nxe4 Nxe4 16. Rxe4 Rxe4 17. Qxe4 Bf5 18. Qe3 Ng6 19. Qc3 Bf8 20. Re1 Bh3 21.
Ne5 Nxe5 22. Rxe5 Bxg2 23. Kxg2 Qd7 24. Qf3 Rd8 25. Qe2 Bd6 26. Re3 Bf8 27. Re5
c5 28. dxc5 Qc6+ 29. Qf3 Rd2 30. Qxc6 bxc6 31. Bc1 1/2-1/2

[Event "First Saturday 2010 junius FM-A"]
[Site "Budapest"]
[Date "2010.06.06"]
[Round "2"]
[White "Tran, Minh Trang"]
[Black "Zala, Gyula"]
[Result "0-1"]
[WhiteElo "2021"]
[BlackElo "2082"]
[PlyCount "62"]
[EventDate "2010.06.05"]

1. d4 d5 2. Bf4 c6 3. e3 f5 4. Bd3 Nf6 5. c4 e6 6. Nc3 Be7 7. Nf3 O-O 8. Ne5
Qe8 9. g4 Ne4 10. gxf5 Nxc3 11. bxc3 dxc4 12. Bxc4 Rxf5 13. Qg4 Qh5 14. Rg1
Qxg4 15. Rxg4 h5 16. Rg6 Rf6 17. Rg2 Bd6 18. Rg5 b5 19. Bb3 a5 20. Rxh5 Bxe5
21. Bxe5 Rg6 22. Kd2 Nd7 23. a3 Ra7 24. Ke2 Ba6 25. f4 a4 26. f5 axb3 27. fxg6
b2 28. Rb1 b4+ 29. Kd2 bxa3 30. Kc2 Bd3+ 31. Kxd3 a2 0-1

[Event "First Saturday 2010 junius FM-A"]
[Site "Budapest"]
[Date "2010.06.06"]
[Round "2"]
[White "Schenkerik, Csaba"]
[Black "Hocevar, Nikola"]
[Result "1/2-1/2"]
[WhiteElo "2161"]
[BlackElo "2105"]
[PlyCount "46"]
[EventDate "2010.06.05"]

1. e4 c5 2. Nf3 Nc6 3. d4 cxd4 4. Nxd4 g6 5. c4 Nf6 6. Nc3 Nxd4 7. Qxd4 d6 8.
Be2 Bg7 9. Be3 O-O 10. Qd2 Be6 11. Rc1 Qa5 12. O-O Rfc8 13. b3 a6 14. Bf3 Rab8
15. Nd5 Qxd2 16. Bxd2 Nxd5 17. exd5 Bf5 18. Bg5 Rc7 19. g4 Bc8 20. Rfe1 Be5 21.
c5 f6 22. cxd6 Rxc1 23. Bxc1 Bxd6 1/2-1/2

[Event "First Saturday 2010 junius FM-A"]
[Site "Budapest"]
[Date "2010.06.06"]
[Round "2"]
[White "Mester, Attila"]
[Black "Koczo, Kristof"]
[Result "0-1"]
[WhiteElo "2109"]
[BlackElo "2167"]
[PlyCount "88"]
[EventDate "2010.06.05"]

1. e4 c6 2. d4 d5 3. e5 e6 4. c3 b6 5. Bd3 Ba6 6. Bc2 Nd7 7. Ne2 Ne7 8. O-O Nf5
9. Re1 g6 10. Nd2 h5 11. Nf3 Be7 12. Kh1 Nh4 13. Nf4 Nxf3 14. Qxf3 Nf8 15. b3
Qd7 16. a4 Nh7 17. Nh3 c5 18. c4 Bb7 19. cxd5 Bxd5 20. Qg3 cxd4 21. Nf4 Bb7 22.
Bb2 O-O-O 23. Red1 h4 24. Qg4 g5 25. Nxe6 fxe6 26. Rxd4 Bd5 27. Rad1 Qc6 28.
Bxh7 Rxh7 29. Rc1 Bc5 30. b4 h3 31. bxc5 bxc5 32. Kg1 hxg2 33. Rd3 Rdh8 34. h3
Rh4 35. Qg3 g4 36. Rxd5 Qxd5 37. Qxg2 Qxg2+ 38. Kxg2 gxh3+ 39. Kh1 c4 40. Rg1
Rf4 41. Rg7 Rxf2 42. Bd4 Rd2 43. Be3 Re2 44. Bxa7 h2 0-1

[Event "First Saturday 2010 junius FM-A"]
[Site "Budapest"]
[Date "2010.06.07"]
[Round "3"]
[White "Koczo, Kristof"]
[Black "Kis, Bela"]
[Result "0-1"]
[WhiteElo "2167"]
[BlackElo "2116"]
[PlyCount "98"]
[EventDate "2010.06.05"]

1. d4 Nf6 2. c4 c5 3. d5 e6 4. Nc3 exd5 5. cxd5 d6 6. e4 g6 7. h3 Bg7 8. Bg5
O-O 9. Bd3 h6 10. Be3 a6 11. a4 Nbd7 12. Nf3 Qe7 13. O-O Ne8 14. Re1 Rb8 15.
Qd2 g5 16. Nh2 Ne5 17. Bf1 f5 18. f4 gxf4 19. Bxf4 Qf6 20. g3 Qg6 21. Kh1 b5
22. axb5 axb5 23. Nxb5 fxe4 24. Nc3 Rb4 25. Ra4 Nd3 26. Bxd3 exd3 27. Rxb4 cxb4
28. Ne4 Bxh3 29. Nf2 Bf5 30. Qxb4 Nf6 31. Qxd6 d2 32. Rd1 Ne4 33. Qxg6 Nxf2+
34. Kg2 Nxd1 35. Qxg7+ Kxg7 36. Bxd2 Be4+ 37. Kh3 Rf2 38. Bxh6+ Kg6 39. Bf4
Bf5+ 40. g4 Rxf4 41. gxf5+ Kxf5 42. Kg3 Nxb2 43. d6 Rd4 44. Nf3 Rxd6 45. Kf2
Kf4 46. Nh2 Rd2+ 47. Kg1 Nc4 48. Nf1 Rc2 49. Nh2 Ne3 0-1

[Event "First Saturday 2010 junius FM-A"]
[Site "Budapest"]
[Date "2010.06.07"]
[Round "3"]
[White "Hocevar, Nikola"]
[Black "Mester, Attila"]
[Result "0-1"]
[WhiteElo "2105"]
[BlackElo "2109"]
[PlyCount "84"]
[EventDate "2010.06.05"]

1. d4 d5 2. Nf3 Nc6 3. Bf4 Bg4 4. e3 e6 5. h3 Bh5 6. Bb5 Bd6 7. c3 Nge7 8. Nbd2
Bxf4 9. exf4 f6 10. Qe2 Qd6 11. O-O O-O 12. Rfe1 Bf7 13. g3 a6 14. Bd3 Rfe8 15.
Qf1 Rad8 16. Nb3 Ra8 17. Nc5 Nd8 18. b4 a5 19. a3 b6 20. Na4 Bh5 21. Nh4 g5 22.
Ng2 h6 23. Bc2 Nf7 24. Qd3 Bg6 25. Qd1 Bxc2 26. Qxc2 Kg7 27. Nb2 c5 28. bxc5
bxc5 29. Nd3 cxd4 30. cxd4 Nf5 31. Qc3 Rac8 32. Qxa5 Nxd4 33. Reb1 Nf3+ 34. Kh1
e5 35. Ne3 Qd7 36. f5 e4 37. Kg2 exd3 38. Kxf3 Rxe3+ 39. Kxe3 Qe7+ 40. Kxd3
Qe4+ 41. Kd2 Rc2+ 42. Kd1 Qe2# 0-1

[Event "First Saturday 2010 junius FM-A"]
[Site "Budapest"]
[Date "2010.06.07"]
[Round "3"]
[White "Zala, Gyula"]
[Black "Schenkerik, Csaba"]
[Result "0-1"]
[WhiteElo "2082"]
[BlackElo "2161"]
[PlyCount "104"]
[EventDate "2010.06.05"]

1. e4 Nf6 2. d3 d6 3. f4 g6 4. Nf3 Bg7 5. c3 O-O 6. Be2 c5 7. a3 Nc6 8. b4 c4
9. d4 Nxe4 10. Bxc4 e5 11. Bd5 exd4 12. cxd4 Nf6 13. Bxc6 bxc6 14. O-O Qb6 15.
Nc3 Re8 16. Ra2 Be6 17. Re2 Nd5 18. Ne4 f5 19. Nxd6 Nc3 20. Nxe8 Nxd1 21. Nxg7
Bc4 22. Re7 Bxf1 23. Kxf1 Qd8 24. Rb7 Qc8 25. Re7 Kf8 26. Rc7 Qa6+ 27. Ke1 Nc3
28. Ne6+ Kg8 29. Kd2 Qe2+ 30. Kxc3 Qxe6 31. Ne5 a5 32. Rxc6 axb4+ 33. axb4 Qd5
34. Rc5 Qxg2 35. d5 Ra2 36. Nd3 Rc2+ 37. Kb3 Rxc5 38. bxc5 Qxd5+ 39. Kc3 Kf7
40. Be3 Ke6 41. Bd4 h5 42. h4 Qh1 43. Bf2 Kd5 44. Be1 Qe4 45. Bf2 Qc4+ 46. Kd2
Ke4 47. Ne5 Qa2+ 48. Ke1 Qb1+ 49. Ke2 Qc2+ 50. Ke1 Qc1+ 51. Ke2 Qxf4 52. Nxg6
Qg4+ 0-1

[Event "First Saturday 2010 junius FM-A"]
[Site "Budapest"]
[Date "2010.06.07"]
[Round "3"]
[White "Letay, Gyula"]
[Black "Tran, Minh Trang"]
[Result "0-1"]
[WhiteElo "2107"]
[BlackElo "2021"]
[PlyCount "114"]
[EventDate "2010.06.05"]

1. e4 c5 2. Nc3 g6 3. g3 Nc6 4. Bg2 Bg7 5. d3 e6 6. Be3 Qa5 7. Qd2 Nd4 8. Nge2
Ne7 9. O-O d6 10. Nc1 e5 11. f4 O-O 12. fxe5 dxe5 13. Nb3 Qc7 14. Rf2 Be6 15.
Raf1 Rad8 16. Bh6 c4 17. Bxg7 Kxg7 18. Nc1 b5 19. Nd1 a5 20. Qg5 Ng8 21. c3 Nc6
22. dxc4 bxc4 23. Qe3 Bg4 24. Bf3 Qc8 25. Qc5 Bxf3 26. Rxf3 Qg4 27. Qe3 Rd7 28.
Nf2 Qe6 29. b3 a4 30. bxc4 Na5 31. Qe2 Qxc4 32. Ncd3 Rfd8 33. Qc2 Nc6 34. Nb2
Qb5 35. Qxa4 Qxb2 36. Qxc6 Qxa2 37. Ng4 Re7 38. c4 Qa7+ 39. Kh1 Qd7 40. Qd5 h5
41. Ne3 Nh6 42. Qa5 Qc7 43. Qc3 Qc5 44. Nd5 Ree8 45. Rb1 Qd4 46. Qc2 Rc8 47.
Rc1 Re6 48. Rc3 Ng4 49. Kg2 Nf6 50. Re1 Rec6 51. Nxf6 Rxf6 52. Re2 Rd6 53. c5
Rd7 54. h4 Qb4 55. Rc4 Qb5 56. Re3 Rd2+ 57. Qxd2 Qxc4 {after 13 move} 0-1

[Event "First Saturday 2010 junius FM-A"]
[Site "Budapest"]
[Date "2010.06.07"]
[Round "3"]
[White "Teglas, Balazs"]
[Black "Honsch, Pal"]
[Result "1-0"]
[WhiteElo "2195"]
[BlackElo "2015"]
[PlyCount "111"]
[EventDate "2010.06.05"]

1. d4 Nf6 2. Bf4 e6 3. e3 c5 4. c3 cxd4 5. exd4 b6 6. Nf3 Bb7 7. Nbd2 Be7 8. a4
a6 9. Bd3 d6 10. Qe2 Nbd7 11. O-O O-O 12. Rfe1 Qc7 13. h3 Rfe8 14. Bh2 Bf8 15.
Nc4 Rac8 16. Na3 Ra8 17. c4 Bc6 18. a5 Qb7 19. axb6 Bxf3 20. gxf3 Qxb6 21. Qd2
Qb7 22. Bf1 Rab8 23. c5 dxc5 24. Bxb8 Rxb8 25. Nc4 cxd4 26. Qxd4 Bc5 27. Qf4
Nd5 28. Qg3 N7f6 29. Rxa6 Nh5 30. Qe5 Nhf4 31. Rea1 f6 32. Qxb8+ Qxb8 33. Ra8
Qxa8 34. Rxa8+ Kf7 35. Rc8 Be7 36. Rc6 e5 37. Ne3 Nb4 38. Rc7 g6 39. Bc4+ Ke8
40. Bb5+ Kf7 41. Kh2 h5 42. Rb7 Kf8 43. Bc4 Ke8 44. Ng2 Nxg2 45. Kxg2 Nc2 46.
Be6 Ne1+ 47. Kf1 Nxf3 48. b4 Nd2+ 49. Ke2 Ne4 50. b5 Nc5 51. Rb8+ Bd8 52. b6
Ke7 53. Bd5 Kd7 54. b7 Bc7 55. Rg8 Na4 56. Bg2 1-0

[Event "First Saturday 2010 junius FM-A"]
[Site "Budapest"]
[Date "2010.06.08"]
[Round "4"]
[White "Kis, Bela"]
[Black "Honsch, Pal"]
[Result "0-1"]
[WhiteElo "2116"]
[BlackElo "2015"]
[PlyCount "56"]
[EventDate "2010.06.05"]

1. e4 c5 2. d4 cxd4 3. c3 dxc3 4. Nxc3 e6 5. Nf3 d6 6. Bc4 Be7 7. O-O Nf6 8.
Qe2 a6 9. Rd1 b5 10. Bb3 Qc7 11. Bf4 Nbd7 12. Rac1 Qb8 13. Nd5 Nxd5 14. Bxd5
exd5 15. exd5 Nf6 16. Rc6 Kf8 17. Rdc1 Bd7 18. Rc7 Ra7 19. Qc2 Rxc7 20. Qxc7
Qxc7 21. Rxc7 Nxd5 22. Rxd7 Nxf4 23. Ra7 g6 24. Rxa6 Kg7 25. g3 Nd3 26. Rb6 Rc8
27. Rxb5 Rc1+ 28. Kg2 Rc2 0-1

[Event "First Saturday 2010 junius FM-A"]
[Site "Budapest"]
[Date "2010.06.08"]
[Round "4"]
[White "Tran, Minh Trang"]
[Black "Teglas, Balazs"]
[Result "0-1"]
[WhiteElo "2021"]
[BlackElo "2195"]
[PlyCount "68"]
[EventDate "2010.06.05"]

1. d4 c5 2. c3 Qc7 3. Nf3 e6 4. g3 b6 5. Bf4 d6 6. Bg2 Bb7 7. O-O Nf6 8. Re1
Nbd7 9. Nbd2 Nd5 10. e4 Nxf4 11. gxf4 Be7 12. e5 O-O 13. Bh3 Rfe8 14. Qb3 c4
15. Qc2 b5 16. f5 exf5 17. Qxf5 Nf8 18. exd6 Bxd6 19. Qxb5 Bxf3 20. Nxf3 Rxe1+
21. Rxe1 Rb8 22. Qa4 Rxb2 23. Bf1 Qc8 24. Qxc4 Qg4+ 25. Bg2 Ng6 26. h3 Qf5 27.
Re8+ Bf8 28. Re2 Rb8 29. Re1 Nf4 30. Re5 Nxh3+ 31. Kf1 Rb1+ 32. Re1 Rxe1+ 33.
Kxe1 Qb1+ 34. Ke2 Nf4+ 0-1

[Event "First Saturday 2010 junius FM-A"]
[Site "Budapest"]
[Date "2010.06.08"]
[Round "4"]
[White "Schenkerik, Csaba"]
[Black "Letay, Gyula"]
[Result "1/2-1/2"]
[WhiteElo "2161"]
[BlackElo "2107"]
[PlyCount "118"]
[EventDate "2010.06.05"]

1. d4 d5 2. c4 e6 3. Nc3 Nf6 4. Bg5 Be7 5. e3 O-O 6. Nf3 h6 7. Bxf6 Bxf6 8. Qc2
b6 9. cxd5 exd5 10. Be2 Be6 11. O-O Qe7 12. Rfd1 Rd8 13. Rab1 a5 14. a3 c5 15.
Na4 Nd7 16. dxc5 Nxc5 17. Nd4 Bxd4 18. Rxd4 Nxa4 19. Qxa4 Qc5 20. Rbd1 Bf5 21.
Qb5 Bc2 22. R1d2 Qxb5 23. Bxb5 Bb3 24. g3 Rdc8 25. Kg2 Bc4 26. Bd7 Rc7 27. Bg4
b5 28. Bf3 b4 29. Bxd5 Bxd5+ 30. Rxd5 b3 31. a4 Rc4 32. Rb5 Rb4 33. Rxb4 axb4
34. Rd3 Kf8 35. Kf3 Ke7 36. Ke4 Rxa4 37. Rxb3 f5+ 38. Kd3 Ke6 39. Kc4 Ra1 40.
Rxb4 Rf1 41. Rb6+ Kf7 42. f4 Rf2 43. Kd4 Rxh2 44. Ke5 Rg2 45. Kxf5 Rxg3 46.
Rb7+ Kg8 47. e4 h5 48. e5 h4 49. e6 Kf8 50. Rb8+ Ke7 51. Rh8 h3 52. Ke5 Re3+
53. Kd4 Rb3 54. f5 Rxb2 55. Rxh3 Kf6 56. Re3 Rd2+ 57. Ke4 g6 58. Kf4 Rd4+ 59.
Kf3 Rd8 1/2-1/2

[Event "First Saturday 2010 junius FM-A"]
[Site "Budapest"]
[Date "2010.06.08"]
[Round "4"]
[White "Mester, Attila"]
[Black "Zala, Gyula"]
[Result "1-0"]
[WhiteElo "2109"]
[BlackElo "2082"]
[PlyCount "56"]
[EventDate "2010.06.05"]

1. e4 e5 2. Nf3 d5 3. exd5 e4 4. Qe2 Be7 5. Qxe4 Nf6 6. Bb5+ c6 7. dxc6 bxc6 8.
Bxc6+ Nxc6 9. Qxc6+ Bd7 10. Qa6 O-O 11. O-O Nd5 12. Qe2 Bf6 13. d3 Rb8 14. c3
Bg4 15. Re1 Rb6 16. Qd1 Bh5 17. Na3 Re6 18. Rxe6 fxe6 19. Qe2 Bxf3 20. gxf3 e5
21. Nc4 Qe8 22. Qe4 Nc7 23. Be3 Qb5 24. b4 Ne6 25. a4 Qb8 26. Re1 Nf4 27. Bxf4
exf4 28. Qe6+ Kh8 1-0

[Event "First Saturday 2010 junius FM-A"]
[Site "Budapest"]
[Date "2010.06.08"]
[Round "4"]
[White "Koczo, Kristof"]
[Black "Hocevar, Nikola"]
[Result "1-0"]
[WhiteElo "2167"]
[BlackElo "2105"]
[PlyCount "101"]
[EventDate "2010.06.05"]

1. d4 d5 2. Bf4 e6 3. e3 Bd6 4. Bxd6 Qxd6 5. c4 dxc4 6. Nc3 a6 7. Bxc4 Qc6 8.
Qg4 Kf8 9. Bd3 Nf6 10. Qg3 Qd6 11. Nf3 Qxg3 12. hxg3 Nbd7 13. Rc1 Ke7 14. Na4
c6 15. e4 h6 16. Ke2 Re8 17. b4 e5 18. Nxe5 Nxe5 19. dxe5 Nd7 20. f4 f6 21.
exf6+ Nxf6 22. Nb6 Bg4+ 23. Ke3 Rad8 24. e5 Nd5+ 25. Nxd5+ Rxd5 26. Be4 Rb5 27.
a3 a5 28. Rc5 axb4 29. Rxb5 cxb5 30. axb4 Rc8 31. Rb1 Rc3+ 32. Kf2 b6 33. Rb2
Ke6 34. Rd2 Ke7 35. Bf3 Be6 36. g4 g6 37. Rd6 Rc4 38. Kg3 Rxb4 39. Rxb6 Rb3 40.
Rb7+ Kf8 41. Rh7 b4 42. Rxh6 Kg7 43. Rh1 Rc3 44. Ra1 b3 45. Ra7+ Kf8 46. Rb7
Bd5 47. Rb6 Kg7 48. Kh4 Bf7 49. Rb7 Kf8 50. Kg5 Be8 51. Kf6 1-0

[Event "First Saturday 2010 junius FM-A"]
[Site "Budapest"]
[Date "2010.06.09"]
[Round "5"]
[White "Hocevar, Nikola"]
[Black "Kis, Bela"]
[Result "1/2-1/2"]
[WhiteElo "2105"]
[BlackElo "2116"]
[PlyCount "35"]
[EventDate "2010.06.05"]

1. c4 e5 2. Nc3 Nf6 3. g3 Nc6 4. Bg2 Bc5 5. e3 d6 6. Nge2 Bf5 7. d3 Qd7 8. a3
a5 9. d4 exd4 10. exd4 Ba7 11. Bg5 Ng8 12. O-O h6 13. Be3 Nf6 14. Nb5 Bb8 15.
Nf4 O-O 16. Re1 Nd8 17. d5 Ng4 18. Bd4 1/2-1/2

[Event "First Saturday 2010 junius FM-A"]
[Site "Budapest"]
[Date "2010.06.09"]
[Round "5"]
[White "Zala, Gyula"]
[Black "Koczo, Kristof"]
[Result "1-0"]
[WhiteElo "2082"]
[BlackElo "2167"]
[PlyCount "49"]
[EventDate "2010.06.05"]

1. e4 c5 2. a3 e6 3. b4 cxb4 4. axb4 Bxb4 5. c3 Be7 6. d4 Nf6 7. Bd3 d5 8. e5
Nfd7 9. Ra2 Nc6 10. Nh3 Nf8 11. O-O Ng6 12. f4 Bd7 13. g4 Qc7 14. f5 Nh4 15.
Ng5 h6 16. Nxf7 Rf8 17. Nd6+ Bxd6 18. exd6 Qxd6 19. Ba3 Qc7 20. Bxf8 exf5 21.
Qe1+ Kxf8 22. Qxh4 Re8 23. gxf5 Re3 24. Rd2 Kg8 25. Qf4 1-0

[Event "First Saturday 2010 junius FM-A"]
[Site "Budapest"]
[Date "2010.06.09"]
[Round "5"]
[White "Letay, Gyula"]
[Black "Mester, Attila"]
[Result "1/2-1/2"]
[WhiteElo "2107"]
[BlackElo "2109"]
[PlyCount "115"]
[EventDate "2010.06.05"]

1. e4 g6 2. d4 Bg7 3. Nc3 Nc6 4. Be3 d5 5. e5 f6 6. f4 Nh6 7. Qd2 O-O 8. O-O-O
Ng4 9. h3 Nxe3 10. Qxe3 fxe5 11. fxe5 a6 12. g4 b5 13. Kb1 Na5 14. Nf3 Nc4 15.
Bxc4 bxc4 16. Na4 Qd7 17. Nc5 Qb5 18. a4 Qb6 19. Rdf1 Rb8 20. b3 cxb3 21. cxb3
Qb4 22. Ka2 Rb6 23. Ng5 h6 24. Rxf8+ Bxf8 25. Nf3 e6 26. Rc1 Bd7 27. Qc3 Bxc5
28. dxc5 Qxc3 29. Rxc3 Rb4 30. Ka3 a5 31. c6 Be8 32. Rc5 Rf4 33. Nd2 Rf2 34.
Nb1 d4 35. Rxa5 Bxc6 36. Rc5 Be4 37. Rc1 c5 38. a5 Bd3 39. Ka4 Ra2+ 40. Na3 Be2
41. Rxc5 d3 42. a6 d2 43. a7 Bf3 44. Rc8+ Kf7 45. Rd8 Ke7 46. Rd6 Bd5 47. Rxd5
exd5 48. a8=Q d1=Q 49. Qa7+ Ke6 50. Qb6+ Kxe5 51. Qe3+ Kf6 52. Qf4+ Ke6 53.
Qe3+ Kd7 54. Qa7+ Kc6 55. Qa6+ Kc5 56. Qa7+ Kd6 57. Qb6+ Kd7 58. Qa7+ 1/2-1/2

[Event "First Saturday 2010 junius FM-A"]
[Site "Budapest"]
[Date "2010.06.09"]
[Round "5"]
[White "Teglas, Balazs"]
[Black "Schenkerik, Csaba"]
[Result "1/2-1/2"]
[WhiteElo "2195"]
[BlackElo "2161"]
[PlyCount "144"]
[EventDate "2010.06.05"]

1. d4 Nf6 2. Bf4 g6 3. e3 Bg7 4. Nf3 O-O 5. h3 b6 6. a4 a6 7. c3 Bb7 8. Be2 d6
9. O-O Nbd7 10. Na3 c5 11. Bh2 Qc7 12. Qb3 Bd5 13. Qd1 Bc6 14. b4 cxb4 15. cxb4
Qb7 16. Rc1 b5 17. a5 Rac8 18. Qb3 Rc7 19. Nd2 Rfc8 20. f3 Bh6 21. Nab1 Bd5 22.
Rxc7 Qxc7 23. Qa3 Qc2 24. Kf2 e5 25. Bd3 Qa2 26. Rc1 Re8 27. Qxa2 Bxa2 28. dxe5
Nxe5 29. Bxe5 Rxe5 30. f4 Re8 31. Nc3 Be6 32. Nde4 Nd7 33. Nxd6 Rd8 34. Nce4 f5
35. Nb7 Rb8 36. Nec5 Nxc5 37. Nxc5 Rc8 38. Rd1 Rc6 39. Be2 Bc8 40. Bf3 Rc7 41.
Bd5+ Kf8 42. Be6 Rxc5 43. Rd8+ Ke7 44. Rxc8 Rxc8 45. Bxc8 Kd6 46. Ke2 Bf8 47.
Kd3 Kc7 48. Bxa6 Bxb4 49. Bxb5 Bxa5 50. Bc4 Kd6 51. Bg8 h5 52. Bf7 h4 53. Bxg6
Ke6 54. Ke2 Kf6 55. Bh7 Bb4 56. Kf2 Bd2 57. Bg8 Kg7 58. Ke2 Ba5 59. Be6 Kf6 60.
Bc8 Bb4 61. Kf3 Bd2 62. Bd7 Be1 63. Bc8 Kg6 64. Ke2 Ba5 65. Bb7 Kf6 66. Bf3 Bb4
67. Bg4 Ba5 68. Bh5 Bb4 69. Kf2 Bd2 70. Be8 Ke7 71. Bc6 Kf6 72. Bd7 Kg6 1/2-1/2

[Event "First Saturday 2010 junius FM-A"]
[Site "Budapest"]
[Date "2010.06.09"]
[Round "5"]
[White "Honsch, Pal"]
[Black "Tran, Minh Trang"]
[Result "1-0"]
[WhiteElo "2015"]
[BlackElo "2021"]
[PlyCount "45"]
[EventDate "2010.06.05"]

1. d4 e6 2. c4 b6 3. Nf3 Bb7 4. g3 f5 5. Bg2 Nf6 6. O-O c5 7. d5 exd5 8. Nh4 g6
9. Nc3 Qc8 10. cxd5 d6 11. e4 fxe4 12. Re1 Be7 13. Nxe4 O-O 14. Nxc5 Qxc5 15.
Rxe7 Rf7 16. Rxf7 Kxf7 17. Be3 Qb5 18. a4 Qxb2 19. Bd4 Qb4 20. Rb1 Qa3 21. Rb3
Qa2 22. Bxf6 Kxf6 23. Qd4+ 1-0

[Event "First Saturday 2010 junius FM-A"]
[Site "Budapest"]
[Date "2010.06.10"]
[Round "6"]
[White "Kis, Bela"]
[Black "Tran, Minh Trang"]
[Result "1/2-1/2"]
[WhiteElo "2116"]
[BlackElo "2021"]
[PlyCount "24"]
[EventDate "2010.06.05"]

1. e4 e6 2. d3 d5 3. Nd2 Nf6 4. Ngf3 c5 5. g3 Nc6 6. Bg2 Be7 7. O-O O-O 8. e5
Nd7 9. Re1 f6 10. exf6 Nxf6 11. Ng5 e5 12. c4 h6 1/2-1/2

[Event "First Saturday 2010 junius FM-A"]
[Site "Budapest"]
[Date "2010.06.10"]
[Round "6"]
[White "Mester, Attila"]
[Black "Teglas, Balazs"]
[Result "1/2-1/2"]
[WhiteElo "2109"]
[BlackElo "2195"]
[PlyCount "32"]
[EventDate "2010.06.05"]

1. e4 e6 2. d4 d5 3. exd5 exd5 4. Nf3 Bg4 5. Qe2+ Qe7 6. Qxe7+ Bxe7 7. Be2 Nf6
8. Bf4 c6 9. Nbd2 Nbd7 10. O-O O-O 11. h3 Bf5 12. c3 Rfe8 13. Rfe1 Bf8 14. Bf1
Rxe1 15. Rxe1 Re8 16. Rxe8 Nxe8 1/2-1/2

[Event "First Saturday 2010 junius FM-A"]
[Site "Budapest"]
[Date "2010.06.10"]
[Round "6"]
[White "Koczo, Kristof"]
[Black "Letay, Gyula"]
[Result "1-0"]
[WhiteElo "2167"]
[BlackElo "2107"]
[PlyCount "59"]
[EventDate "2010.06.05"]

1. d4 d5 2. Bf4 e6 3. e3 c6 4. Nf3 f5 5. Bd3 Nf6 6. Ne5 Nbd7 7. Nd2 Be7 8. Ndf3
Ne4 9. Nxd7 Bxd7 10. O-O O-O 11. Be5 Bf6 12. c4 Be8 13. Bxf6 Nxf6 14. Ne5 Nd7
15. Nxd7 Bxd7 16. f4 Kh8 17. Rf3 Qe7 18. Qd2 Rg8 19. Raf1 g5 20. fxg5 Rxg5 21.
R1f2 Qg7 22. Qb4 Be8 23. Qd6 Bh5 24. Rg3 Rxg3 25. hxg3 Re8 26. cxd5 exd5 27.
Bxf5 Rg8 28. Be6 Qxg3 29. Qxg3 Rxg3 30. Rf8+ 1-0

[Event "First Saturday 2010 junius FM-A"]
[Site "Budapest"]
[Date "2010.06.10"]
[Round "6"]
[White "Hocevar, Nikola"]
[Black "Zala, Gyula"]
[Result "1/2-1/2"]
[WhiteElo "2105"]
[BlackElo "2082"]
[PlyCount "40"]
[EventDate "2010.06.05"]

1. d4 d5 2. e3 f5 3. c4 e6 4. Nf3 Nf6 5. Ne5 c6 6. Bd3 Be7 7. O-O O-O 8. Nd2
Qe8 9. f4 Ne4 10. Ndf3 Nd7 11. Nxd7 Bxd7 12. b3 Bf6 13. Ba3 Rf7 14. Bxe4 dxe4
15. Ne5 Bxe5 16. dxe5 Rd8 17. Qh5 Bc8 18. Bd6 Rfd7 19. Qxe8+ Rxe8 20. Rad1 Kf7
{after 45 move} 1/2-1/2